00768nam a2200181 i 4500001000700000003000900007005001700016008004100033020002200074080004200096245011200138260009400250300003100344600004300375710007100418852007200489852002500561181020ES-MaACL20231004114952.0121002s2010 sp |||| |dspa d a978-84-96210-91-2 a929 Álvarez Colunga, Rafael (082.2)00aActo académico in memoriam del Ilmo. Sr. D. Rafael Álvarez Colungab: Sevilla, 18 de diciembre de 2009. a[Sevilla] : bAcademia de Ciencias Sociales y del Medio Ambiente de Andalucía, c[2010] a94 p. ; c24 cm + e1 DVD.17aÁlvarez Colunga, Rafael-vHomenajes.2 aAcademia de Ciencias Sociales y del Medio Ambiente de Andalucía. aES-MaACLjA-12237bR.147074cDEPO1dOlim: N-5242xDonación: R.A.E1 aBA jROT 2/7/9 (DVD)